| 000 | 01045cam a22003258a 4500 | ||
|---|---|---|---|
| 008 | |||
| 020 | _a9780323296137(hardback) | ||
| 040 |
_aNUST _cNUST |
||
| 049 | _aMAIN | ||
| 090 |
_aRB145 _bHEM |
||
| 245 | 1 | 0 |
_aHematopathology / _cElaine S. Jaffe, Daniel A. Arber, Elias Campo, Nancy Lee Harris and Leticia Quintanilla-Martinez |
| 260 |
_aPhiladelphia : _bElsevier , _c2017. |
||
| 300 |
_axv, 1199 pages : _billustrations (some colour) ; _c26 cm. |
||
| 336 |
_atext _btxt _2rdacontent |
||
| 337 |
_aunmediated _bn _2rdamedia |
||
| 338 |
_avolume _bnc _2rdacarrier |
||
| 500 | _aIncludes index. | ||
| 650 | 0 | _aHematology. | |
| 650 | 2 |
_aHematologic Diseases _xphysiopathology. |
|
| 650 | _aBlood Diseases | ||
| 700 | 1 | _aJaffe, Elaine S. | |
| 700 | _aArber, Daniel A. | ||
| 700 | _aCampo, Elias | ||
| 700 | _aHarris, Nancy Lee | ||
| 700 | _aQuintanilla-Martinez, Leticia | ||
| 907 |
_a.b10403292 _b02-06-21 _c02-06-21 |
||
| 003 | |||
| 005 | 20230120204303.0 | ||
| 942 |
_cBOOKS _kRB145 _mHEM |
||
| 999 |
_c120503 _d120503 |
||